00278nam a2200121Ia 45000030006000000080041000060400015000471000018000622450038000802600009001185460012001270050017001390STCL150530s9999 xx 000 0 und d aSTCLcSTCL aCheriyan, C.V aHistory of christianity in kerala c1950 aEnglish20220125165410.0